=LDR 00000nam 2200000 4500 =001 INLIS000000000039995 =005 20130612145604 =008 ***********************************Ind** =035 ##$$0010-061300000039995 =041 ##$$a Ind =082 ##$$a 636.45 =090 ##$$a 636.45, Wur b.2 =100 ##$$a Wuryadi Slamet =245 ##$$a Beternak =260 ##$$a Agromedia Pustaka $b Jakarta =300 ##$$a 142 hlm, ilus, 24 cm =700 ##$$a Nina Wulandari =850 ##$$a NBPNMAT